Alexander Puskin Symposium II /

Bibliographic Details
Corporate Author: Puškin Symposium New York University
Other Authors: Kodjak, Andrej, 1926-, Pomorska, Krystyna, Taranovski, Kiril
Format: Conference Proceeding Book
Language:English
Russian
Published: Columbus, Ohio : Slavica Publishers, 1980.
Series:New York University Slavic papers ; v. 3.
Subjects:

MARC

Tag First Indicator Second Indicator Subfields
LEADER 00000cam a2200000 a 4500
001 in00000070585
005 20151008061823.0
008 810128s1980 ohua b 10010 engm
010 |a  80148290  
020 |a 0893570672 (pbk.) 
035 |a (OCoLC)07460963 
035 |9 AAJ8894AM 
040 |a DLC  |c DLC  |d m.c.  |d TXA  |d UtOrBLW 
041 0 |a eng  |a rus 
049 |a TXAM  |c [800401] 
050 0 0 |a PG3356  |b .P88 1978 
082 0 |a 891.71/3  |2 19 
111 2 |a Puškin Symposium  |n (2nd :  |d 1978 :  |c New York University) 
245 1 0 |a Alexander Puskin Symposium II /  |c editors, Andrej Kodjak, Krystyna Pomorska, Kiril Taranovsky. 
264 1 |a Columbus, Ohio :  |b Slavica Publishers,  |c 1980. 
300 |a 131 pages :  |b illustrations ;  |c 23 cm. 
336 |a text  |b txt  |2 rdacontent 
337 |a unmediated  |b n  |2 rdamedia 
338 |a volume  |b nc  |2 rdacarrier 
490 1 |a New York University Slavic papers ;  |v v. 3 
500 |a English or Russian. 
504 |a Includes bibliographical references. 
600 1 0 |a Pushkin, Aleksandr Sergeevich,  |d 1799-1837  |x Congresses. 
700 1 |a Kodjak, Andrej,  |d 1926- 
700 1 |a Pomorska, Krystyna. 
700 1 |a Taranovski, Kiril. 
830 0 |a New York University Slavic papers ;  |v v. 3. 
999 |a MARS 
999 f f |s b3ba56b2-0246-3dbb-b59b-e50bf22bba9d  |i 7815d6cf-d9f5-3522-94d2-e7ba4a81ba05  |t 0 
952 f f |p ric  |a Texas A&M University  |b Rellis Campus  |c Joint Library Facility  |s JLF  |d Remote Storage  |t 0  |e PG3356 .P88 1978  |h Library of Congress classification  |i unmediated -- volume  |m A14806175486 
998 f f |a PG3356 .P88 1978  |t 0  |l Remote Storage